| 000 | 00627nam a2200241Ia 4500 | ||
|---|---|---|---|
| 005 | 20260430150033.0 | ||
| 008 | 008 250103s9999 xx 000 0 eng d | ||
| 037 | _aTheses | ||
| 040 | _aCRL | ||
| 040 | _beng | ||
| 040 | _ceng | ||
| 041 | _2eng | ||
| 041 | _aeng | ||
| 084 | _qCRL | ||
| 100 |
_aNorain Au.; Khan Irshad Ahmad Gu. _91236264 |
||
| 245 | 0 | _aEkkiswin sadi ke Urdu novelon ka mauzuati usloobiyat aur techniki mutala | |
| 260 | _c2021 | ||
| 300 | _a374p. | ||
| 650 | _aUrdu Fiction | ||
| 700 | _aUniversity of Delhi. Faculty of Arts. Department of Urdu | ||
| 942 | _cTH | ||
| 999 |
_c1848791 _d1848791 |
||